[Event "Budapest BSSZ Schev"]
[Site "Budapest"]
[Date "2022.08.25"]
[Round "8"]
[White "Toth, Lili1111"]
[Black "Szabolcsi, Janos"]
[Result "1-0"]
[WhiteElo "1911"]
[BlackElo "2238"]
[PlyCount "55"]
[EventDate "2022.08.18"]
[EventType "schev"]
[EventRounds "10"]
[EventCountry "HUN"]
[SourceTitle "CBM 210 Extra"]
[Source "ChessBase"]
[SourceDate "2022.11.30"]
[SourceVersion "1"]
[SourceVersionDate "2022.11.30"]
[SourceQuality "1"]
[WhiteTeam "Candidates"]
[BlackTeam "Masters"]
[WhiteTeamCountry "HUN"]
[BlackTeamCountry "HUN"]

1. d4 d5 2. c4 c6 3. cxd5 cxd5 4. Nc3 Nc6 5. e4 Nf6 6. e5 Ne4 7. Bb5 Nxc3 8. bxc3 Bd7 9. Bd3 e6 10. Ne2 Be7 11. 0-0 0-0 12. Rb1 Na5 13. Ng3 g6 14. Bh6 Re8 15. Nh5 f6 16. exf6 Bxf6 17. Qg4 Kh8 18. Nxf6 Qxf6 19. Bf4 Qf7 20. Be5+ Kg8 21. h4 Red8 22. h5 Be8 23. hxg6 hxg6 24. Qh3 Qh7 25. Qxe6+ Bf7 26. Qf6 b6 27. f3 Nc4 28. Bxc4 1-0

[Event "WchT Seniors 65"]
[Site "Acqui Terme"]
[Date "2022.06.27"]
[Round "7.1"]
[White "Szabolcsi, Janos"]
[Black "Snape, Ian L"]
[Result "1/2-1/2"]
[WhiteElo "2233"]
[BlackElo "2127"]
[PlyCount "48"]
[EventDate "2022.06.20"]
[EventType "team-tourn"]
[EventRounds "9"]
[EventCountry "ITA"]
[SourceTitle "CBM 209 Extra"]
[Source "ChessBase"]
[SourceDate "2022.09.30"]
[SourceVersion "1"]
[SourceVersionDate "2022.09.30"]
[SourceQuality "1"]
[WhiteTeam "Hungary 50"]
[BlackTeam "England 65"]
[WhiteTeamCountry "HUN"]
[BlackTeamCountry "ENG"]

1. d4 c5 2. c3 cxd4 3. cxd4 d5 4. Nc3 Nc6 5. Bf4 e5 6. dxe5 d4 7. Ne4 Bf5 8. Ng3 Bg6 9. Nf3 Qb6 10. Qb3 Bb4+ 11. Bd2 Nge7 12. a3 Bxd2+ 13. Nxd2 Qa5 14. e4 dxe3 15. fxe3 0-0 16. Qb5 Qxb5 17. Bxb5 Nxe5 18. 0-0 Bd3 19. Bxd3 Nxd3 20. Nf5 Nxf5 21. Rxf5 Rac8 22. Rd5 Rfd8 23. Rxd8+ Rxd8 24. b4 Kf8 1/2-1/2

[Event "Budapest Vezerkepzo IM 02"]
[Site "Budapest"]
[Date "2022.03.01"]
[Round "7"]
[White "Papp, Gellert"]
[Black "Szabolcsi, Janos"]
[Result "1-0"]
[WhiteElo "2283"]
[BlackElo "2270"]
[PlyCount "83"]
[EventDate "2022.02.22"]
[EventType "tourn"]
[EventRounds "9"]
[EventCountry "HUN"]
[SourceTitle "CBM 207 Extra"]
[Source "ChessBase"]
[SourceDate "2022.05.31"]
[SourceVersion "1"]
[SourceVersionDate "2022.05.31"]
[SourceQuality "1"]

1. Nf3 d5 2. c4 c6 3. e3 Nf6 4. Nc3 e6 5. b3 Bd6 6. Bb2 0-0 7. Qc2 Nbd7 8. Be2 a6 9. d4 dxc4 10. Bxc4 e5 11. 0-0 exd4 12. Nxd4 Re8 13. Be2 g6 14. Rad1 Qe7 15. Rfe1 Ne5 16. h3 Bd7 17. e4 c5 18. Nf3 Bc6 19. Nd2 g5 20. Nf1 Ng6 21. Nd5 Bxd5 22. exd5 Qd8 23. Ne3 Nd7 24. Nc4 Bf8 25. Qc3 Nde5 26. Bh5 Nf4 27. Rxe5 Rxe5 28. Nxe5 Nxh5 29. Qf3 Nf6 30. d6 Rb8 31. Qf5 Bg7 32. Qxg5 Ne4 33. Qg4 Nf6 34. Qf5 Qe8 35. d7 Qe7 36. Rd3 Kf8 37. Rg3 Bh8 38. Qg5 Qe6 39. Qh6+ Ke7 40. Re3 Kd8 41. Qf8+ Kc7 42. Qxb8+ 1-0

[Event "Budapest Vezerkepzo IM 02"]
[Site "Budapest"]
[Date "2022.02.24"]
[Round "3"]
[White "Srinath, Rao SV"]
[Black "Szabolcsi, Janos"]
[Result "1-0"]
[WhiteElo "2340"]
[BlackElo "2270"]
[PlyCount "71"]
[EventDate "2022.02.22"]
[EventType "tourn"]
[EventRounds "9"]
[EventCountry "HUN"]
[SourceTitle "CBM 207 Extra"]
[Source "ChessBase"]
[SourceDate "2022.05.31"]
[SourceVersion "1"]
[SourceVersionDate "2022.05.31"]
[SourceQuality "1"]

1. e4 c6 2. c4 d5 3. cxd5 cxd5 4. exd5 Nf6 5. Nc3 g6 6. Bc4 Bg7 7. Nge2 0-0 8. 0-0 Na6 9. d3 Nc7 10. Nf4 b6 11. a4 Bb7 12. Qb3 g5 13. Nfe2 h6 14. a5 Nfxd5 15. Bd2 Nxc3 16. Bxc3 Rb8 17. axb6 axb6 18. Bxg7 Kxg7 19. f4 f6 20. fxg5 hxg5 21. Qc3 Nd5 22. Qd2 b5 23. Bb3 Qb6+ 24. d4 Rbd8 25. Bc2 Rh8 26. Ra3 Rh4 27. Rg3 Kh8 28. Bb1 b4 29. Rff3 Bc8 30. Qc2 Nf4 31. Kh1 Nxe2 32. Qxe2 Rhxd4 33. Rf1 Rh4 34. Rxg5 Ba6 35. Qxe7 Rg8 36. Rf4 1-0

[Event "HUN-chT2 Maroczy 1819"]
[Site "Hungary"]
[Date "2019.02.10"]
[Round "7.8"]
[White "Szabolcsi, Janos"]
[Black "Kerek, Krisztian"]
[Result "1-0"]
[WhiteElo "2295"]
[BlackElo "2293"]
[PlyCount "35"]
[EventDate "2018.09.23"]
[EventType "team-tourn"]
[EventRounds "11"]
[EventCountry "HUN"]
[SourceTitle "EXT 2020"]
[Source "ChessBase"]
[SourceDate "2019.10.17"]
[SourceVersion "1"]
[SourceVersionDate "2019.10.17"]
[SourceQuality "1"]
[WhiteTeam "Budapest MTK"]
[BlackTeam "Szigetszentmiklos"]
[WhiteTeamCountry "HUN"]
[BlackTeamCountry "HUN"]

1. d4 Nf6 2. c4 a6 3. Nf3 c5 4. d5 b5 5. Nbd2 g6 6. e4 d6 7. b3 Bg7 8. Bb2 0-0 9. Be2 bxc4 10. bxc4 Bg4 11. 0-0 Qa5 12. Qc2 Nbd7 13. h3 Bxf3 14. Nxf3 Rfb8 15. Bc3 Qa3 16. Nd2 Nb6 17. Bd1 Nfd7 18. Nb1 1-0

[Event "HUN-chT2 Maroczy 1819"]
[Site "Hungary"]
[Date "2018.10.07"]
[Round "2.5"]
[White "Szabolcsi, Janos"]
[Black "Farago, Sandor"]
[Result "1-0"]
[WhiteElo "2295"]
[BlackElo "2222"]
[PlyCount "113"]
[EventDate "2018.09.23"]
[EventType "team-tourn"]
[EventRounds "11"]
[EventCountry "HUN"]
[SourceTitle "EXT 2020"]
[Source "ChessBase"]
[SourceDate "2019.10.17"]
[SourceVersion "1"]
[SourceVersionDate "2019.10.17"]
[SourceQuality "1"]
[WhiteTeam "Budapest MTK"]
[BlackTeam "Taban Spartacus"]
[WhiteTeamCountry "HUN"]
[BlackTeamCountry "HUN"]

1. d4 Nf6 2. c4 g6 3. Nc3 Bg7 4. e4 d6 5. Be2 0-0 6. f4 c5 7. Nf3 Bg4 8. Be3 cxd4 9. Nxd4 Bxe2 10. Qxe2 Nbd7 11. Nb3 a6 12. 0-0 Rc8 13. Rac1 Re8 14. g4 Qc7 15. g5 Nh5 16. Nd5 Qd8 17. Qf2 e6 18. Nb6 Nxb6 19. Bxb6 Qe7 20. c5 e5 21. cxd6 Qxd6 22. fxe5 Qe7 23. Bc5 Qxg5+ 24. Kh1 Bxe5 25. Qxf7+ Kh8 26. Bd4 Bxd4 27. Nxd4 Qe3 28. Rxc8 Qxe4+ 29. Nf3 Rxc8 30. Re1 Qf5 31. Qxb7 Rf8 32. Re3 Nf4 33. Qe4 Qg4 34. Ne5 Qd1+ 35. Re1 Qd2 36. Rf1 g5 37. Nd3 h6 38. h4 Kg8 39. Nxf4 Rxf4 40. Qg6+ Kf8 41. Qxh6+ Kf7 42. Qh5+ Ke6 43. Qe8+ Kf5 44. Qc8+ Ke5 45. Rxf4 Qd1+ 46. Kg2 gxf4 47. Qc3+ Ke4 48. Kf2 Kf5 49. Qa5+ Kg4 50. Qg5+ Kh3 51. Qf5+ Qg4 52. Qxg4+ Kxg4 53. b4 Kxh4 54. a4 Kg5 55. b5 axb5 56. axb5 Kf6 57. b6 1-0

[Event "Budapest-chT1 Lilienthal 1718"]
[Site "Budapest"]
[Date "2018.02.25"]
[Round "10"]
[White "Szabolcsi, Janos"]
[Black "Havasi, Janos"]
[Result "1/2-1/2"]
[WhiteElo "2319"]
[BlackElo "2136"]
[PlyCount "86"]
[EventDate "2017.10.01"]
[EventType "team-tourn"]
[EventRounds "13"]
[EventCountry "HUN"]
[SourceTitle "EXT 2021"]
[Source "ChessBase"]
[SourceDate "2020.10.23"]
[SourceVersion "1"]
[SourceVersionDate "2020.10.23"]
[SourceQuality "1"]
[WhiteTeam "Budapest MTK III"]
[BlackTeam "Budapest Vasas II"]
[WhiteTeamCountry "HUN"]
[BlackTeamCountry "HUN"]

1. d4 Nf6 2. c4 g6 3. Nc3 Bg7 4. e4 d6 5. Be2 0-0 6. f4 Na6 7. Nf3 c5 8. 0-0 Bg4 9. Be3 b6 10. d5 Nc7 11. e5 Nfe8 12. exd6 exd6 13. Ng5 Bxe2 14. Qxe2 h6 15. Nf3 f5 16. Bf2 Nf6 17. Rae1 Re8 18. Qd3 Rxe1 19. Rxe1 Qd7 20. Nh4 Qf7 21. h3 Re8 22. Rxe8+ Qxe8 23. Kf1 a6 24. b3 b5 25. Be1 b4 26. Nd1 Ne4 27. g4 Bf6 28. Ne3 Bxh4 29. Bxh4 g5 30. Be1 fxg4 31. Nxg4 Kg7 32. fxg5 hxg5 33. Kg2 Qg6 34. Qf3 Ne8 35. Qe2 N8f6 36. Nxf6 Kxf6 37. Qb2+ Kf7 38. a3 a5 39. axb4 axb4 40. Qe2 Qf5 41. Qh5+ Kg7 42. Qf3 Qe5 43. Bf2 Nxf2 1/2-1/2

[Event "Budapest-chT1 Lilienthal 1718"]
[Site "Budapest"]
[Date "2018.02.04"]
[Round "8"]
[White "Szabolcsi, Janos"]
[Black "Bokros, Albert"]
[Result "1/2-1/2"]
[WhiteElo "2319"]
[BlackElo "2319"]
[PlyCount "25"]
[EventDate "2017.10.01"]
[EventType "team-tourn"]
[EventRounds "13"]
[EventCountry "HUN"]
[SourceTitle "EXT 2021"]
[Source "ChessBase"]
[SourceDate "2020.10.23"]
[SourceVersion "1"]
[SourceVersionDate "2020.10.23"]
[SourceQuality "1"]
[WhiteTeam "Budapest MTK III"]
[BlackTeam "Palota Sakk"]
[WhiteTeamCountry "HUN"]
[BlackTeamCountry "HUN"]

1. d4 e6 2. c4 b6 3. Nf3 Bb7 4. a3 f5 5. Nc3 Nf6 6. g3 Be7 7. Bg2 0-0 8. 0-0 Ne4 9. Qc2 Nxc3 10. Qxc3 Bf6 11. Be3 Be4 12. Rfd1 Qe7 13. b4 1/2-1/2

[Event "HUN-chT2 Erkel 1718"]
[Site "Hungary"]
[Date "2017.12.03"]
[Round "5.1"]
[White "Mede, Istvan"]
[Black "Szabolcsi, Janos"]
[Result "1/2-1/2"]
[WhiteElo "2286"]
[BlackElo "2319"]
[PlyCount "39"]
[EventDate "2017.09.24"]
[EventType "team-tourn"]
[EventRounds "11"]
[EventCountry "HUN"]
[SourceTitle "EXT 2021"]
[Source "ChessBase"]
[SourceDate "2020.10.23"]
[SourceVersion "1"]
[SourceVersionDate "2020.10.23"]
[SourceQuality "1"]
[WhiteTeam "Salgotarjan"]
[BlackTeam "Budapest MTK II"]
[WhiteTeamCountry "HUN"]
[BlackTeamCountry "HUN"]

1. e4 c5 2. Nf3 e6 3. d4 cxd4 4. Nxd4 Nc6 5. Nc3 Qc7 6. Be3 a6 7. Bd3 Nf6 8. 0-0 b5 9. Qe2 Bb7 10. Nxc6 Bxc6 11. a3 Be7 12. Kh1 d5 13. exd5 Nxd5 14. Nxd5 Bxd5 15. Qg4 Bf6 16. a4 h5 17. Qb4 Be7 18. Qd4 Bf6 19. Qb4 Be7 20. Qd4 1/2-1/2

[Event "HUN-chT2 Erkel 1516"]
[Site "Hungary"]
[Date "2016.03.20"]
[Round "9.2"]
[White "Szabolcsi, Janos"]
[Black "Franchini, Gabriele"]
[Result "1/2-1/2"]
[WhiteElo "2313"]
[BlackElo "2190"]
[PlyCount "98"]
[EventDate "2015.09.13"]
[EventType "team-tourn"]
[EventRounds "11"]
[EventCountry "HUN"]
[SourceTitle "EXT 2017"]
[Source "ChessBase"]
[SourceDate "2016.10.25"]
[SourceVersion "1"]
[SourceVersionDate "2016.10.25"]
[SourceQuality "1"]
[WhiteTeam "Budapest MTK II"]
[BlackTeam "MAFC"]
[WhiteTeamCountry "HUN"]
[BlackTeamCountry "HUN"]

1. d4 Nf6 2. Nf3 e6 3. Bf4 d5 4. e3 c5 5. c3 Nc6 6. Nbd2 Be7 7. h3 0-0 8. Bd3 b6 9. 0-0 Bb7 10. Qe2 Re8 11. Rad1 Bd6 12. Bg5 h6 13. Bh4 Be7 14. Ne5 Nxe5 15. dxe5 Nd7 16. Bxe7 Qxe7 17. f4 f6 18. exf6 Nxf6 19. e4 dxe4 20. Nxe4 Nxe4 21. Bxe4 Bxe4 22. Qxe4 Rad8 23. Rfe1 Qf6 24. Qc4 Rxd1 25. Rxd1 Rf8 26. Rd7 Rf7 27. Rxf7 Qxf7 28. Kf2 Qd7 29. Ke3 Kf7 30. f5 Kf6 31. Qxe6+ Qxe6+ 32. fxe6 Kxe6 33. Kf4 g6 34. g4 Kd5 35. h4 Kd6 36. a4 Ke6 37. Ke4 Kd6 38. b3 Ke6 39. b4 cxb4 40. cxb4 Kd6 41. h5 gxh5 42. gxh5 a5 43. bxa5 bxa5 44. Kf5 Kd5 45. Kg6 Ke6 46. Kxh6 Kf6 47. Kh7 Kf7 48. h6 Kf8 49. Kg6 Kg8 1/2-1/2

[Event "Budapest Karacsonyi 7th"]
[Site "Budapest"]
[Date "2015.12.28"]
[Round "2"]
[White "Szabolcsi, Janos"]
[Black "Palvolgyi, Istvan"]
[Result "1-0"]
[WhiteElo "2315"]
[BlackElo "1956"]
[PlyCount "73"]
[EventDate "2015.12.27"]
[EventType "swiss"]
[EventRounds "7"]
[EventCountry "HUN"]
[SourceTitle "CBM 170 Extra"]
[Source "ChessBase"]
[SourceDate "2016.02.25"]
[SourceVersion "1"]
[SourceVersionDate "2016.02.25"]
[SourceQuality "1"]

1. d4 Nf6 2. c4 e5 3. dxe5 Ng4 4. Bf4 g5 5. Bd2 Nxe5 6. Nf3 Nxf3+ 7. exf3 Bg7 8. Qe2+ Kf8 9. Nc3 Nc6 10. 0-0-0 Nd4 11. Qd3 d6 12. Be3 Nf5 13. c5 Be6 14. cxd6 cxd6 15. Kb1 Be5 16. g3 Nxe3 17. fxe3 Qa5 18. Nd5 Bxd5 19. Qxd5 Qb6 20. Qd2 Kg7 21. f4 Bf6 22. Bc4 g4 23. Bb3 Rhe8 24. Rhe1 d5 25. Qxd5 Re6 26. Qh5 Rae8 27. Rd7 R6e7 28. Qxg4+ Kf8 29. Rxe7 Rxe7 30. Qh5 Rd7 31. Qxh7 Bg7 32. Qf5 Qd8 33. e4 b5 34. Rc1 Rc7 35. Rxc7 Qxc7 36. Qxb5 Qd8 37. e5 1-0

[Event "Budapest Karacsonyi 7th"]
[Site "Budapest"]
[Date "2015.12.27"]
[Round "1"]
[White "Szurkos, Andras"]
[Black "Szabolcsi, Janos"]
[Result "0-1"]
[WhiteElo "1780"]
[BlackElo "2315"]
[PlyCount "94"]
[EventDate "2015.12.27"]
[EventType "swiss"]
[EventRounds "7"]
[EventCountry "HUN"]
[SourceTitle "CBM 170 Extra"]
[Source "ChessBase"]
[SourceDate "2016.02.25"]
[SourceVersion "1"]
[SourceVersionDate "2016.02.25"]
[SourceQuality "1"]

1. e4 c5 2. Nf3 e6 3. Nc3 Nc6 4. Bb5 Nge7 5. 0-0 a6 6. Be2 g6 7. d4 cxd4 8. Nxd4 Bg7 9. Be3 0-0 10. a3 b5 11. f4 Bb7 12. Bf3 Qc7 13. Nce2 Rac8 14. c3 Na5 15. b3 d6 16. a4 e5 17. Nc2 Nxb3 18. Ra3 Nc5 19. axb5 axb5 20. Bxc5 Qxc5+ 21. Kh1 f5 22. Qd3 fxe4 23. Bxe4 d5 24. Bxg6 hxg6 25. Raa1 e4 26. Qh3 Qb6 27. Ncd4 Nf5 28. Rfd1 Nxd4 29. Nxd4 Bxd4 30. cxd4 Rxf4 31. Qe3 Rcf8 32. h3 Qf6 33. Rab1 Bc8 34. Kg1 Qg5 35. Rb3 Qf5 36. Rbb1 Bd7 37. Qg3 Kg7 38. Rbc1 Rf7 39. Kh2 Rf2 40. Qe5+ Qxe5+ 41. dxe5 Be6 42. Rc6 Re7 43. Rb6 Bf7 44. Rxb5 Rxe5 45. Rd4 Rg5 46. Kh1 Rfxg2 47. Rbxd5 Rg1+ 0-1

[Event "Budapest Karacsonyi op 6th"]
[Site "Budapest"]
[Date "2014.12.30"]
[Round "6"]
[White "Bodi, Tibor"]
[Black "Szabolcsi, Janos"]
[Result "1/2-1/2"]
[WhiteElo "2137"]
[BlackElo "2325"]
[PlyCount "34"]
[EventDate "2014.12.27"]
[EventType "swiss"]
[EventRounds "7"]
[EventCountry "HUN"]
[SourceTitle "EXT 2020"]
[Source "ChessBase"]
[SourceDate "2019.10.17"]
[SourceVersion "1"]
[SourceVersionDate "2019.10.17"]
[SourceQuality "1"]

1. d4 d5 2. Nf3 Nf6 3. c4 c6 4. Nc3 e6 5. cxd5 exd5 6. Bg5 h6 7. Bh4 Bf5 8. e3 Qb6 9. Qc1 Ne4 10. Be2 Nd7 11. 0-0 Bd6 12. Nxe4 Bxe4 13. Bg3 Bxg3 14. hxg3 0-0 15. Qc3 a5 16. Nd2 Bg6 17. Bd3 Bxd3 1/2-1/2

[Event "Budapest Karacsonyi op 6th"]
[Site "Budapest"]
[Date "2014.12.30"]
[Round "7"]
[White "Szabolcsi, Janos"]
[Black "Nemeth, Miklos1111"]
[Result "1-0"]
[WhiteElo "2325"]
[BlackElo "1988"]
[PlyCount "71"]
[EventDate "2014.12.27"]
[EventType "swiss"]
[EventRounds "7"]
[EventCountry "HUN"]
[SourceTitle "EXT 2020"]
[Source "ChessBase"]
[SourceDate "2019.10.17"]
[SourceVersion "1"]
[SourceVersionDate "2019.10.17"]
[SourceQuality "1"]

1. d4 d5 2. Nf3 Nf6 3. c4 e6 4. Bg5 Be7 5. e3 h6 6. Bh4 0-0 7. Nc3 Nbd7 8. Rc1 Ne4 9. Bxe7 Qxe7 10. cxd5 Nxc3 11. Rxc3 exd5 12. Rxc7 Qd6 13. Rc1 Nf6 14. Be2 Bf5 15. 0-0 Qb6 16. Qb3 Qxb3 17. axb3 Ne4 18. Rfd1 Rfc8 19. Ne5 Rxc1 20. Rxc1 Nd2 21. b4 a5 22. b5 Rc8 23. Rxc8+ Bxc8 24. f3 g5 25. Kf2 f6 26. Nd3 Bd7 27. Nc5 Bc8 28. Ke1 Nc4 29. Bxc4 dxc4 30. Kd2 h5 31. Kc3 f5 32. Kxc4 h4 33. b6 g4 34. f4 g3 35. hxg3 hxg3 36. Kd5 1-0

[Event "Budapest op 4th"]
[Site "Budapest"]
[Date "2014.08.23"]
[Round "8"]
[White "Balint, Vilmos"]
[Black "Szabolcsi, Janos"]
[Result "0-1"]
[WhiteElo "2187"]
[BlackElo "2324"]
[PlyCount "50"]
[EventDate "2014.08.16"]
[EventType "swiss"]
[EventRounds "9"]
[EventCountry "HUN"]
[SourceTitle "CBM 161 Extra"]
[Source "ChessBase"]
[SourceDate "2014.08.29"]
[SourceVersion "1"]
[SourceVersionDate "2014.08.29"]
[SourceQuality "1"]

1. b3 e5 2. Bb2 Nc6 3. e3 d5 4. Bb5 Bd6 5. c4 Nge7 6. d4 Bb4+ 7. Kf1 dxc4 8. bxc4 0-0 9. d5 a6 10. Ba4 Na5 11. Bc2 f6 12. Qh5 g6 13. Qe2 b5 14. a3 Bc5 15. Nd2 Nxc4 16. Nxc4 bxc4 17. h4 a5 18. Qf3 Qxd5 19. Be4 Qd2 20. Bc1 Qc3 21. Rb1 Bf5 22. Bd5+ Kg7 23. e4 Nxd5 24. exf5 Qc2 25. Ra1 Bd4 0-1

[Event "Budapest FS07 IM"]
[Site "Budapest"]
[Date "2014.07.14"]
[Round "10"]
[White "Szabolcsi, Janos"]
[Black "Szalanczy, Emil"]
[Result "1/2-1/2"]
[WhiteElo "2348"]
[BlackElo "2280"]
[PlyCount "98"]
[EventDate "2014.07.05"]
[EventType "tourn"]
[EventRounds "11"]
[EventCountry "HUN"]
[EventCategory "1"]
[SourceTitle "CBM 161 Extra"]
[Source "ChessBase"]
[SourceDate "2014.08.29"]
[SourceVersion "1"]
[SourceVersionDate "2014.08.29"]
[SourceQuality "1"]

1. d4 c5 2. d5 e6 3. c4 exd5 4. cxd5 g6 5. Nc3 Bg7 6. Nf3 d6 7. Qa4+ Nd7 8. Ne4 Ngf6 9. Nxd6+ Kf8 10. Qf4 Nb6 11. e4 Qe7 12. Be2 Bg4 13. 0-0 Rd8 14. e5 Bxf3 15. Qxf3 Qxe5 16. Nxb7 Rxd5 17. Be3 h5 18. Rad1 Kg8 19. b3 g5 20. Qg3 Ng4 21. Qxe5 Bxe5 22. Bxc5 Bxh2+ 23. Kh1 Be5 24. a4 Kg7 25. a5 Rxd1 26. Rxd1 Nc8 27. Nd8 Bc3 28. a6 Rh6 29. Rd7 Rf6 30. f3 Ne5 31. Rc7 Nd6 32. Rxa7 Nf5 33. Kg1 Nd4 34. Kf1 Nxb3 35. Be3 Bd4 36. Bxd4 Nxd4 37. Re7 Nxe2 38. Ne6+ Rxe6 39. Rxe6 fxe6 40. a7 Nf4 41. a8Q h4 42. Kf2 Nf7 43. Qa2 Kg6 44. Ke3 Kf6 45. Qc2 Nd6 46. Kf2 Nf5 47. Qd2 Ng3 48. Ke1 Nf5 49. Kf2 Ng3 1/2-1/2